[Event "Promotion Meyreuil 04/05"]
[Site "?"]
[Date "2005.01.22"]
[Round "5"]
[White "Nakache, Jonathan"]
[Black "Briquet, Xavier"]
[Result "1-0"]
[WhiteElo "1610"]
[BlackElo "1490"]
[PlyCount "51"]
[EventDate "2005.??.??"]

1. e4 e5 2. Nf3 Nc6 3. Bb5 d6 4. d4 Bd7 5. O-O Nf6 6. Nc3 Be7 7. dxe5 Nxe5 8.
Bxd7+ Nfxd7 9. Nd4 O-O 10. f4 Nc4 11. Nf5 Bf6 12. Rb1 (12. Qd5 $5 Ncb6 13. Qxb7
Bxc3 14. bxc3 Nc5 15. Qc6 Qd7 16. Qxd7 Nbxd7 $11) 12... Nc5 13. Qf3 Re8 14. b4
Ne6 15. Nd5 Bd4+ $2 {apres l'echange, les Noirs ont des soucis avec leurs N} (
15... c6 16. Nxf6+ Qxf6 17. Qd3 d5 18. exd5 cxd5 19. Qxd5 Rad8 20. Qxc4 $11)
16. Nxd4 Nxd4 17. Qd3 Nxc2 (17... c6 {ne resout rien} 18. Nc3 $18) 18. Qxc4
Nxb4 $2 (18... c6 {evite de perdre une autre piece} 19. Qxc2 (19. Nc3 Qb6+ 20.
Kh1 Ne3 21. Bxe3 Qxe3 $18) 19... cxd5 20. exd5 a5 21. Qf2 Qc8 22. bxa5 Rxa5 23.
Rd1 $18) 19. Qxb4 $18 {
c'est fini, deux pieces pour 2 pions, ce n'est pas equitable pour les Noirs} b6
20. Bb2 c6 21. Qd4 f6 22. Ne3 Rc8 23. Nf5 Re6 24. Rbd1 c5 $2 (24... d5 {
ne change rien a la position perdue, mais n'aggrave rien non plus} 25. exd5
cxd5 26. Qxd5 Qxd5 27. Rxd5 Rc7 28. Rd8+ Kf7 29. Nd6+ $18) 25. Qd5 Kf8 $2 {
fin des souffrances} 26. Qxe6 1-0

[Event "Promotion Meyreuil 04/05"]
[Site "?"]
[Date "2005.01.29"]
[Round "6"]
[White "Alpe, Jean-Charles"]
[Black "Gozzo, Jean-Claude"]
[Result "1/2-1/2"]
[WhiteElo "1490"]
[BlackElo "1590"]
[PlyCount "66"]

1. c4 b6 2. Nc3 Bb7 3. e4 d6 4. g3 Nd7 5. Bg2 c5 6. Nge2 g6 7. O-O Bg7 8. d3
Ngf6 $6 $16 (8... a6 $11) 9. Rb1 $6 $11 {rate l'occasion offerte} (9. e5 {
gagne N et B contre R et P gagne N + B contre R + P} Bxg2 10. exf6 Bxf1 11.
fxg7 Rg8 12. Qxf1 Rxg7 13. d4 e6 $16) 9... O-O $6 $14 {toujours a cause de e5}
(9... Qc7 10. b4 O-O 11. a3 h6 12. f4 e6 13. Nb5 Qc6 14. Bb2 $11) 10. Be3 $11 (
10. e5) 10... Ng4 11. Bd2 Nge5 12. Be3 Nf6 13. h3 Rb8 14. f4 Nc6 15. d4 e6 $14
(15... cxd4 $5 16. Nxd4 Nh5 17. Kh2 Nxd4 18. Bxd4 Rc8 19. Bxg7 Nxg7 20. Qb3 $11
) 16. dxc5 $1 dxc5 17. e5 Ne8 18. Qxd8 $6 $11 {
simplifie la tache des Noirs en relachant la pression} (18. Qa4 $5 {
pour essayer de profiter du manque d'espace des noirs} Qc7 19. Rbd1 a6 20. Ne4
Na5 21. Rfe1 Bc6 22. Qc2 Rd8 $14) 18... Rxd8 19. Rbd1 Nc7 20. Ne4 Na5 21. Nd6
$11 {tentant, mais échange le bon B} (21. b3 Nc6 22. Nd6 Ba8 23. Rfe1 $14)
21... Bxg2 22. Kxg2 Rd7 (22... Rxd6 $5 $13 23. exd6 Nxc4 {
amenait des complications interessantes}) 23. Rd2 Rfd8 $14 (23... f6 $1 {
il faut casser immediatement le centre blanc} 24. exf6 Bxf6 25. b3 Nd5 26. cxd5
Rxd6 27. Rfd1 Re8 $15) 24. Rfd1 Bf8 25. Ne4 Rxd2 26. Rxd2 Rxd2 27. Nxd2 Be7 28.
b3 f6 29. Nf3 Kf7 30. Nc3 Nc6 31. exf6 Bxf6 32. Ne4 Nb4 33. Nfg5+ Bxg5 1/2-1/2

[Event "Promotion Meyreuil 04/05"]
[Site "?"]
[Date "2005.01.30"]
[Round "6"]
[White "Jullien, Patrick"]
[Black "Nakache, Jonathan"]
[Result "0-1"]
[WhiteElo "1700"]
[BlackElo "1610"]
[PlyCount "64"]

1. d4 d5 2. c4 e6 3. Nc3 Nf6 4. Bg5 Be7 5. Nf3 O-O 6. e3 b6 7. Bxf6 Bxf6 8. Bd3
dxc4 9. Bxc4 Bb7 10. O-O Nd7 11. e4 c5 12. d5 exd5 13. exd5 Bxc3 14. bxc3 Nf6
15. Qb3 $6 $17 {le Pd5 est perdu} (15. Qb1 {
la variante acrobatique préférée par Fritz} Qc7 16. Rd1 Rad8 17. Qb3 b5 18.
Qxb5 Nxd5 19. Rdb1 Nb6 $15) 15... Qc7 $2 $11 {rate le gain du P} (15... Bxd5 $1
16. Bxd5 Qxd5 17. Rad1 Qf5 $17) 16. Rfe1 Rad8 17. Re5 Rfe8 18. Rae1 $6 $17 (18.
Rxe8+ {semble plus simple pour revenir à égalité} Nxe8 19. Rd1 Nf6 20. d6 Rxd6
21. Ng5 Ng4 22. Bxf7+ Kh8 $11) 18... Rxe5 19. Rxe5 Re8 $2 $18 {la gaffe} (19...
Qd6 $1 {toujours le Pd5} 20. Re1 Nxd5 21. Qa4 a6 22. Re8+ Rxe8 23. Qxe8+ Qf8
24. Qxf8+ $17) 20. d6 Qd7 $2 $18 {#} (20... Qxd6 {ne perd "qu'une pièce"} 21.
Bxf7+ Kh8 22. Rxe8+ Nxe8 23. Bxe8 Bxf3 24. gxf3 Qe5 25. Ba4 $18) 21. Bb5 $2 $16
{encore une occasion ratée} (21. Bxf7+ $3 Kh8 (21... Qxf7 22. Rxe8+ Nxe8 23. d7
$18) 22. Bxe8 Qxd6 23. Re6 Qf4 24. Bh5 g6 25. g3 Qh6 $18) 21... Bc6 22. Bxc6
$11 Qxc6 23. Ng5 Qd7 24. Rxe8+ Qxe8 25. h3 $4 $19 (25. Qd1 $15) 25... Qe1+ $19
26. Kh2 Qe5+ 27. g3 Qxg5 28. Qb5 Qd5 29. Qa6 Qxd6 30. Qxa7 h6 31. Qa8+ Kh7 32.
Kg2 Qd5+ {les Noirs ne prennent aucun risque avec l'échange des Q} 0-1

[Event "Promotion Meyreuil 04/05"]
[Site "?"]
[Date "2005.01.30"]
[Round "6"]
[White "Blondelon, Alain"]
[Black "Mallet, Bruno"]
[Result "0-1"]
[WhiteElo "1590"]
[BlackElo "1520"]
[PlyCount "60"]

1. d4 d5 2. Nf3 Bf5 3. e3 e6 4. Nbd2 Nf6 5. c3 Be7 6. Qb3 Qc8 7. Be2 O-O 8. O-O
c6 9. Qd1 Nbd7 10. Nh4 Be4 11. Nxe4 $15 (11. f3 $5 Ng4 12. Nxe4 Bxh4 13. fxg4
dxe4 14. c4 Qc7 15. b4 f5 $11) 11... Nxe4 $11 (11... dxe4 $5 12. g3 c5 13. f3
Qc6 14. Ng2 Rad8 15. Qb3 e5 16. fxe4 $15) 12. Nf3 Qc7 13. Bd3 Bd6 14. h3 f5 15.
Bxe4 $6 $17 {Le Bc1 est enterré pour longtemps pendant que les pièces noires
vont rendre visite au K blanc} (15. c4 Rae8 16. b3 b6 17. Bb2 dxc4 18. Bxc4 b5
19. Bd3 e5 $14) 15... fxe4 16. Ne1 Rf6 17. f4 Nb6 18. Qe2 Qf7 19. Rf2 Rf8 20.
Nc2 Rh6 $15 (20... e5 $1 {profitant du clouage du Pf} 21. dxe5 Bxe5 22. Rf1 Na4
23. Qd2 g5 24. Nd4 Nc5 25. g3 $17) 21. Bd2 Qg6 22. Kh1 Rf5 23. Rg1 Rfh5 24. Qf1
$2 $19 (24. b3 Qg3 25. Be1 $15) 24... Qg3 25. Qe2 $4 $19 (25. b3 {
essaye de résister} Rxh3+ 26. gxh3 Rxh3+ 27. Qxh3 Qxh3+ 28. Rh2 Qf3+ 29. Rgg2
c5 $19) 25... Nc4 26. Bc1 g5 $1 27. b3 $2 $19 (27. Re1 e5 28. dxe5 Nxe5 29.
Qxh5 Rxh5 30. fxe5 Bxe5 $19) 27... g4 28. bxc4 {tout est perdant ...} gxh3 $19
(28... Rh4 {mat en 4} 29. Qxg4+ Rxg4 30. Rd1 Qxf2 31. Ne1 Rxh3+ 32. gxh3 Rg1#)
29. gxh3 Rxh3+ 30. Rh2 Rxh2+ 0-1

[Event "Promotion Meyreuil 04/05"]
[Site "?"]
[Date "2005.01.30"]
[Round "6"]
[White "Wilfert, Fabrice"]
[Black "Bordenave, Robert"]
[Result "1-0"]
[WhiteElo "2013"]
[BlackElo "1670"]
[PlyCount "81"]

1. e4 c6 2. d4 d5 3. f3 Nf6 (3... e6 {est plus souvent joué après 3.f3}) 4. e5
Ng8 5. Bd3 e6 6. Be3 Nd7 7. f4 c5 8. c3 cxd4 9. cxd4 Bb4+ $6 (9... Qb6 $14) 10.
Bd2 {
les Blancs en profitent pour échanger leur mauvais B contre le "bon" B noir}
Bxd2+ 11. Qxd2 Ne7 12. Nf3 a6 13. a4 a5 $6 $16 {
affaiblissement de b5 et ouvre le chemin vers d6 au Nb1} 14. Nc3 f5 15. Nb5 O-O
16. Rc1 Nc6 17. Rg1 Rf7 18. g4 Nf8 {
la position noire se dégrade tranquillement ...} 19. gxf5 exf5 20. Nd6 $1 {
il est temps de cueillir les fruits mûrs} Re7 21. Nxf5 Bxf5 22. Bxf5 Ne6 23.
Bxe6+ Rxe6 24. f5 Re8 $2 $18 (24... Qf8 {
semble resister un peu plus ... mais bof} 25. Qg5 Re7 26. f6 Rf7 27. Kf1 Kh8
28. fxg7+ Rxg7 29. Qxg7+ $18) 25. Qh6 Qc7 26. f6 g6 $18 27. Qf4 $2 $18 (27.
Rxg6+ $1 {pour finir en beauté} hxg6 28. Qxg6+ Kf8 29. Kf2 Re6 30. Ng5 Qd7 31.
Qh5 Kg8 32. Rg1 $18) 27... Rf8 28. Ng5 Rae8 $18 (28... Qd7 29. Qh4 Rae8 30. Rf1
Nxe5 31. dxe5 Rxe5+ 32. Kd2 h5 33. f7+ $18) 29. f7+ $18 {
les Blancs se contentent de la qualité pour finir tranquillement} (29. Rf1 {
la menace sur f7 est encore plus forte} Rf7 30. Nxf7 Qxf7 31. Qg4 Re6 32. h3
Re8 33. Rc5 Nb4 $18) 29... Rxf7 $18 30. Qxf7+ Qxf7 31. Nxf7 Kxf7 32. Rf1+ Kg7
33. Rd1 Nb4 34. Kd2 Re6 35. Rc1 Nc6 36. Ke3 Re7 37. Rc5 Rd7 38. Rf6 Nb4 39.
Rxa5 Na6 $18 (39... Nc2+ {pour l'anecdote} 40. Kd3 Nb4+ 41. Kc3 Nc6 42. Rb5 Na7
43. Rc5 Nc6 44. a5 $18) 40. Rb5 Nc7 $2 $18 41. Rxb7 1-0

[Event "Promotion Meyreuil 04/05"]
[Site "?"]
[Date "2005.02.19"]
[Round "6"]
[White "Kolb, Sebastien"]
[Black "Briquet, Xavier"]
[Result "1-0"]
[WhiteElo "2040"]
[BlackElo "1490"]
[PlyCount "31"]

1. e4 e5 2. Nf3 Nc6 3. d4 exd4 4. Nxd4 Nxd4 5. Qxd4 d6 6. Bc4 Be6 7. O-O Nf6 8.
Nc3 Be7 9. f4 $11 (9. Bxe6 fxe6 10. e5 $14) 9... c6 10. Kh1 O-O 11. Be2 d5 $14
12. e5 Nd7 $2 $16 (12... Ne8 {est nécessaire} 13. f5 Bc8 14. Be3 b6 15. Qf4 Qc7
16. Rad1 Bb7 17. Rfe1 $14) 13. f5 Bc5 14. Qf4 d4 15. f6 $14 {#} (15. Na4 Bd5
16. Nxc5 Nxc5 17. b4 Na4 18. f6 gxf6 19. exf6 Kh8 $16) 15... dxc3 $2 $18 {
la prise est impossible ...} (15... gxf6 16. Ne4 f5 17. Nxc5 Nxc5 18. Rd1 Ne4
19. Be3 Qe7 20. Rxd4 $14) 16. Qg5 $1 (16. Qg5 $1 Nxf6 17. exf6 Qxf6 18. Rxf6
Be7 19. bxc3 Bxf6 20. Qg3 $18) 1-0

[Event "Promotion Meyreuil 04/05"]
[Site "?"]
[Date "2005.03.05"]
[Round "7"]
[White "Mallet, Bruno"]
[Black "Wilfert, Fabrice"]
[Result "0-1"]
[WhiteElo "1530"]
[BlackElo "2013"]
[PlyCount "110"]

1. d4 d5 2. Nf3 e6 3. c4 f5 4. Bg5 Nf6 5. e3 c6 6. Nc3 Bd6 7. Be2 O-O 8. O-O
Nbd7 9. Qc2 Qe8 10. c5 Bc7 11. Bf4 e5 $1 12. dxe5 Nxe5 13. Nxe5 Bxe5 14. Bxe5
Qxe5 15. Qd2 Bd7 16. Qd4 Rae8 17. Rad1 Ne4 18. Rfe1 Nxc3 19. bxc3 Qc7 20. Bd3
b5 21. a3 Re7 22. g3 Be8 23. Qf4 Qd7 24. Rb1 h6 25. h4 Bh5 26. a4 a6 27. Ra1
Qe6 28. Reb1 Qf6 29. Qd4 Bf3 30. Qxf6 Rxf6 31. Rb4 g5 32. Kf1 Ref7 33. Be2 Be4
$14 (33... Bxe2+ {
Fritz préfère échanger, le B des Noirs risquant de manquer d'air} 34. Kxe2 Re7
35. axb5 axb5 36. Ra8+ Kf7 37. Kd3 Rfe6 38. hxg5 hxg5 $15) 34. f4 $6 $15 {
le Be4 est maintenant bien installé} (34. axb5 cxb5 35. f3 $1 {
démontrant la préférence de l'échange au 33ème coup noir} Bc2 36. Rc1 Ba4 37.
c4 dxc4 38. Bxc4 $16) 34... gxh4 35. gxh4 Rg7 36. Ra2 $17 {
abandonnant la colonne g aux Noirs} (36. h5 $5 {empèche le doublage des R ...}
Re6 37. Rd4 Kf7 38. axb5 cxb5 39. Bd3 Rc6 40. Bxe4 dxe4 $44 {
les R blanches sont bien placées pour trouver une defense active}) 36... Rfg6 {
#} 37. Ke1 Rg1+ 38. Kd2 R7g2 39. axb5 Bf3 40. Kd3 Bxe2+ 41. Rxe2 Rxe2 42. b6 $2
{entreprenant, mais ce n'est pas le bon choix} (42. Kxe2 {le plus sûr, les
Noirs gardent l'avantage, mais les Blancs peuvent encore lutter} axb5 43. Rb3
Ra1 44. Kf2 Kf7 45. Kf3 Ke6 46. Kg3 h5 $17) (42. bxc6 $5 {
les Noirs gagnent aussi, mais il ne faut pas se tromper} Reg2 43. Kd4 Kf7 44.
Kxd5 (44. c7 $6 {ne marche pas} Rg8 45. Rb8 Ke6 $1 46. c4 Kd7 47. cxd5 Kxc7 $19
) 44... Rg8 45. c7 Rc8 46. Kc6 Rgg8 47. Kb7 a5 48. Rb6 Ra8 49. Rxh6 a4 $19)
42... Reg2 (42... Rgg2 {est plus rapide} 43. c4 (43. Kd4 Kf7 44. c4 (44. Ke5
Rxe3+) 44... Ke6) 43... dxc4+ 44. Rxc4 Kf7 45. Ra4 Ke6 46. e4 Rd2+ $19) 43. Kd4
Kf7 44. Ke5 Rg8 45. Kd6 R1g6+ 46. Kc7 Re8 (46... Re6 {
Toujours pour être un peu plus expéditif} 47. b7 Re7+ 48. Kxc6 Rb8 49. Rb6 a5
50. Kxd5 Rbxb7 51. Rxh6 a4 $19) 47. b7 Rgg8 48. Kb6 (48. Kxc6 $1 {
la partie n'est pas finie} Re6+ 49. Kc7 Rgg6 50. Rb6 Re7+ 51. Kb8 Rg8+ 52. Ka7
a5 $13) 48... a5 49. Kxa5 Ke7 50. Kb6 Kd7 51. Ra4 (51. c4 {
l'occasion de se défaire d'une faiblesse ... mais ce n'est pas suffisant} Re4
52. Ka7 Rxe3 53. cxd5 cxd5 54. b8=Q Rxb8 55. Kxb8 Kc6 $19) 51... Rg2 52. Rb4 h5
53. Rb1 Rb8 54. Rb4 Rc2 55. Rb3 Rc1 0-1

[Event "Promotion Meyreuil 04/05"]
[Site "?"]
[Date "2005.03.05"]
[Round "7"]
[White "Briquet, Xavier"]
[Black "Jullien, Patrick"]
[Result "0-1"]
[WhiteElo "1490"]
[BlackElo "1700"]
[PlyCount "68"]

1. e4 e5 2. f4 Nc6 {une variante rare} 3. Nf3 Bc5 $6 (3... exf4 {
semble préférable}) (3... d6 {est le plus simple} 4. Nc3 Bg4 5. Bb5 $11) 4.
fxe5 $14 {les Blancs ont gagné le centre, en plus de la colonne f ... tout
semble aller bien !} d6 $5 {
c'est l'idée des noirs : donner un P pour un avantage de développement} 5. d4 (
5. exd6 {le P doit être pris} Qxd6 6. c3 Bg4 7. d4 O-O-O 8. Be2 Bb6 $13 {
un P pour un avantage de développement ...}) 5... Bb6 $2 $16 {
Les Noirs n'ont plus de compensation pour le P} (5... Nxd4 $1 6. exd6 (6. Nxd4
$2 Qh4+) 6... Qxd6 7. Nxd4 Qxd4 8. Qxd4 Bxd4 9. c3 Bb6 10. Bb5+ $11) 6. Bb5 $1
d5 7. exd5 Qxd5 8. Nc3 Ba5 9. Bxc6+ $14 (9. Be2 {
et les Noirs restent à l'étroit} Bg4 10. O-O Qd7 11. Ng5 $16) 9... Qxc6 10. Bd2
Be6 11. Qe2 O-O-O 12. a3 f6 $5 (12... Ne7 {
est plus naturel et le N a de bonnes perspectives} 13. Qf2 Rhe8 14. O-O-O h6
15. d5 Nxd5 16. Qxa7 Bb6 17. Qa8+) 13. O-O-O fxe5 14. Nxe5 Qe8 15. b4 $5 (15.
Bg5 {ou d5 semblent plus sûrs}) 15... Bb6 16. Be3 Nf6 17. h3 a5 18. Kb2 Nd5 $6
(18... axb4 19. axb4 Kb8 20. Rhe1 Qe7) 19. Nc4 $6 $14 (19. Nxd5 {est nécessaire
} Bxd5 20. c4 Bg8 21. b5 Qe7 22. Rhe1 Bc5 23. Rd3 Bd6 $16) 19... axb4 20. Nxb6+
$2 $17 (20. axb4 Ba7 21. Nxd5 Bxd5 22. Rhe1 Qc6 23. Ne5 Qa4 24. b5 Qa2+ $11)
20... Nxb6 21. axb4 Qc6 $6 {
pas le meilleur ... mais les pièces noires restent mieux placées} (21... Qe7 {
le Pb4 est perdu} 22. Na2 Bxa2 23. Kxa2 Qxb4 24. Qg4+ Rd7 25. Rd3 Nc4 26. Rb3)
22. Ra1 (22. d5 $1 {pour ressusciter le B et le N blancs} Nxd5 23. Nb5 Kb8 24.
Ba7+ Ka8 25. Ra1 Rhe8 26. Bc5+ Kb8) 22... Rhe8 (22... Qc4 23. Bd2 Kb8 24. Kc1
Qxd4 25. Qe3 Nc4 26. Qxd4 Rxd4) 23. Nb5 $4 $18 (23. d5 {
garantit toujours un bon jeu aux Blancs} Bxd5 24. Qg4+ Be6 25. Qxg7 Rg8 26. Qh6
Rg6 27. Qh4 Nc4+ $11) 23... Nc4+ $1 24. Kc1 Qxb5 25. c3 Nd6 (25... Bf5 {
le N est bien ... au B de contrôler les cases blanches !} 26. Ra5 Rxe3 {
un variante amusante ...} 27. Rxb5 Rxc3+ 28. Kd1 Rxd4+ 29. Ke1 Re4 30. Qxe4
Bxe4 $19) 26. Qc2 $19 (26. Qxb5 Nxb5 27. Bg5 Rd6 28. Kb2 Ra6 29. Rxa6 bxa6 30.
Re1 Nd6 $19) 26... Bf5 27. Qf2 Qd3 28. Ra8+ Kd7 29. Rxd8+ Kxd8 30. Bg5+ Kc8 31.
Qb2 Re2 32. Qb3 Nc4 33. Rd1 Rc2+ 34. Kb1 Qxd1+ 0-1

[Event "Promotion Meyreuil 04/05"]
[Site "?"]
[Date "2005.03.05"]
[Round "7"]
[White "Nakache, Jonathan"]
[Black "Alpe, Jean-Charles"]
[Result "1/2-1/2"]
[WhiteElo "1610"]
[BlackElo "1490"]
[PlyCount "56"]

1. e4 e5 2. Nf3 Nf6 3. Nxe5 d6 4. Nf3 Nxe4 5. Nc3 Nxc3 6. dxc3 Be7 7. Be3 Bg4
8. Be2 Nd7 9. Qd2 Nf6 10. h3 Bh5 11. O-O-O O-O 12. g4 Bg6 13. Nd4 $6 $15 {
finalement, ce N au centre gêne les pièces blanches} (13. Qd4 c6 14. Nh4 Be4
15. f3 Bd5 16. Nf5 $14) 13... Ne4 $1 14. Qe1 Bg5 15. Bxg5 Qxg5+ 16. Kb1 Qf4 17.
f3 Ng3 18. Rg1 Nxe2 19. Qxe2 Rfe8 20. Qf2 Re3 21. Rge1 Rae8 22. Rxe3 Qxe3 23.
Qf1 a6 24. f4 f6 $11 (24... Be4 $5 {permet au B de se recycler plus vite} 25.
f5 (25. Re1 Qd2) 25... Qg3 26. f6 Bg2 $17) 25. Qc4+ Bf7 26. Qxc7 Qe1 $6 {
est plus faible ... à condition de voir la bonne suite sur Qe1} (26... Qxh3 27.
Qd7 h5 28. Rg1 Qe3 29. Rc1 hxg4 30. Nf5 Qxf4 31. Nxd6 $11) 27. Kc1 $11 (27. Rc1
$1 Qd2 (27... Bxa2+ $2 28. Kxa2 Qxc1 29. Nf5 $18 {et le mat à suivre ...}) 28.
Qxb7 Qxf4 29. Qxa6 Qd2 30. h4 Re1 31. Qc8+ Re8 32. Qc6 Re1 33. Qa8+ Re8 34. Qh1
(34. Qc6 $11) 34... Qf4 35. Qg1 $16) 27... Qe3+ 28. Kb1 Qe1 1/2-1/2

[Event "Promotion Meyreuil 04/05"]
[Site "?"]
[Date "2005.03.05"]
[Round "7"]
[White "Gozzo, Jean-Claude"]
[Black "Blondelon, Alain"]
[Result "1-0"]
[WhiteElo "1590"]
[BlackElo "1590"]
[PlyCount "79"]

1. d4 Nf6 2. c4 g6 3. Nc3 Bg7 4. e4 d6 5. f3 O-O 6. Be3 e5 7. Nge2 Nc6 8. g4 (
8. d5 {ou Qd2 sont principalement joués dans cette position}) 8... exd4 $11 (
8... Bxg4 $5 9. fxg4 Nxg4 10. Bg1 Qh4+ 11. Ng3 Nxd4 $13) 9. Nxd4 Be6 10. Nxc6
bxc6 11. Qd2 Qb8 $6 (11... Nd7 {
permet aux Noirs d'améliorer la position de leurs pièces} 12. Be2 Ne5 13. h4
Nxc4 14. Bxc4 Bxc4 15. Rc1) 12. Be2 Re8 13. O-O Re7 14. Bg5 Re8 15. Rab1 Nd7
16. b3 f6 17. Be3 Ne5 $6 $14 {inutile d'aider les blancs à pousser f4} (17...
Qb4 $5 {pour permettre à la Q de participer} 18. Rbc1 a6 19. f4 Rab8 $11) 18.
h3 Qd8 19. f4 Nd7 20. Bf3 Nb6 21. e5 d5 22. cxd5 Nxd5 23. Nxd5 cxd5 $2 (23...
Bxd5 {est nécessaire} 24. exf6 Bxf6 25. Rbd1 Qd6 26. b4 Bxf3 27. Rxf3 Rad8 28.
Qxd6 $11) 24. exf6 $2 $14 {rate le gain du B} (24. f5 $1 fxe5 (24... Bf7 25. e6
) (24... Bd7 25. Bxd5+ Kh8 26. Bxa8) 25. fxe6 e4 26. Bg2 Rxe6 27. Rbd1 c6 28.
b4 Qd7 $18) 24... Bxf6 25. Bd4 Bxd4+ 26. Qxd4 Qd7 $16 (26... c6 $5 {
pour renforcer d5 et empecher f5} 27. Rbc1 Qh4 28. Bg2 Bd7 $14) 27. Rbc1 c6 28.
Rc3 Rec8 $6 $16 {il faut garder le contrôle de la colonne e} (28... Bf7 29.
Rfc1 Re6 30. f5 gxf5 31. gxf5 Rd6 32. f6 Qf5 33. Bg2 $11) 29. Rfc1 Qe8 30. Re1
Qd7 31. Qf6 Re8 32. Rce3 Bf7 $4 $18 (32... Qf7 {est le seul coup} 33. Qg5 (33.
Rxe6 $4 Qxf6 34. Rxf6 Rxe1+ $17) 33... Qd7 34. Bg2 Bf7 35. Re7 Qd6 36. Kh1 Rad8
37. f5 $14) 33. Re7 {gagne la Q contre une R} Rxe7 34. Rxe7 Qxe7 35. Qxe7 Re8
36. Qxa7 Re1+ 37. Kf2 Rc1 38. Qb8+ Kg7 39. Qe5+ Kg8 40. Qb2 1-0

[Event "Promotion Meyreuil 04/05"]
[Site "?"]
[Date "2005.03.05"]
[Round "7"]
[White "Bordenave, Robert"]
[Black "Kolb, Sebastien"]
[Result "0-1"]
[WhiteElo "1670"]
[BlackElo "2040"]
[PlyCount "108"]

1. d4 d6 2. Bf4 g6 3. e3 Bg7 4. Be2 Nd7 5. Nf3 c5 6. c3 e5 7. dxe5 dxe5 8. Bg3
Ne7 9. O-O (9. Nbd2 $5 {il n'y a pas d'urgence à roquer} Nf5 10. Bb5 Qe7 11.
Nc4 O-O 12. Bxd7 $14) 9... O-O (9... Nf5 10. Nbd2 Qe7 11. Ne4 Nxg3 12. Nxg3 f5
13. Nd2 O-O 14. Qb3+ $11) 10. e4 Qc7 11. h3 ({0.00 Fritz 5.32:} 11. Na3 $5 {
fait immediatement participer le N au combat} a6 12. Nc4 b5 13. Qd6 Qb7 14.
Qxe7 bxc4 15. Bxc4 $16) 11... a6 12. Nbd2 b5 13. Qc2 Bb7 14. a4 c4 15. Ra2 $6 (
15. axb5 axb5 16. Rxa8 Rxa8 17. b3 Ba6 18. Rb1 cxb3 19. Nxb3 $14) 15... Nc5 $15
16. axb5 axb5 17. Rfa1 Rxa2 18. Rxa2 f5 $6 $14 (18... Rd8 $15) 19. exf5 $6 $15
{du coup, f5 devient bon ...} (19. Nd4 $1 Bc6 20. Nxc6 Qxc6 21. Bh4 Bf6 22.
Bxf6 Qxf6 23. exf5 Nxf5 $11 (23... gxf5 24. Ra5 $18)) 19... gxf5 $11 (19...
Nxf5 20. Bh2 Qe7 21. g4 e4 22. gxf5 exf3 23. Nxf3 Be4 24. Qd1 $17) 20. b3 (20.
Ra7 $5 Qb6 21. Ra3 e4 22. Nd4 Bxd4 23. cxd4 Ne6 24. Nxc4 bxc4 25. Bxc4 Nd5 26.
Be5 $44) 20... f4 (20... cxb3 21. Nxb3 Ne4 22. Bh4 Ng6 23. c4 Nd6 24. Bg5 Be4
25. Qd2 bxc4 $17) 21. Bh2 $6 $17 {le B est hors-jeu pour un moment} (21. Bh4
cxb3 22. Nxb3 Be4 23. Qd1 $11) 21... cxb3 22. Nxb3 Nxb3 23. Qxb3+ Bd5 24. c4 $2
$17 (24. Qc2 Rc8 (24... Bxa2 25. Qxa2+ Kh8 26. Ng5 $132) 25. Bxb5 $15) 24...
bxc4 25. Qc2 e4 26. Ne1 c3 27. Ra1 Qb6 28. Rb1 Qg6 29. Bf1 Nc6 30. Qc1 (30. Qd1
{est plus résistant} Qe6 31. Rb7 e3 32. fxe3 fxe3 33. Nc2 Ne5 34. Rc7 e2 $17)
30... f3 31. Bg3 Nd4 32. Nc2 $2 $19 (32. Rb4 $5 Qxg3 $1 (32... Rc8 $19 {
est plus simple}) 33. fxg3 f2+ 34. Kh1 fxe1=Q 35. Qxe1 Nc2 $19) 32... fxg2 $19
33. Bb5 Nf3+ 34. Kxg2 Nd2 35. Ne3 Nxb1 36. Nxd5 Qf7 37. Bc4 Qf3+ 38. Kg1 c2 39.
Ne3+ Kh8 40. Qxc2 Na3 41. Qb3 Nxc4 42. Qxc4 h5 43. Qf1 Bd4 44. Qg2 Qxg2+ 45.
Kxg2 Bxe3 46. fxe3 Rf3 {tranquille ... il n'y a plus qu'à rendre la qualité en
prenant en e3 et aller à Q} 47. Bf4 Kg7 48. Kh2 Kf6 49. Kg2 Kf5 50. Bh6 Ke6 51.
Bg5 Kd5 52. h4 Kc4 53. Bh6 Kd3 54. Bg5 Ke2 0-1

[Event "Promotion Meyreuil 04/05"]
[Site "?"]
[Date "2005.03.19"]
[Round "8"]
[White "Blondelon, Alain"]
[Black "Nakache, Jonathan"]
[Result "1-0"]
[WhiteElo "1590"]
[BlackElo "1610"]
[PlyCount "55"]

1. d4 d5 2. Nf3 Nf6 3. c3 Bf5 4. Bf4 e6 5. Qb3 Qc8 6. e3 Nbd7 7. Be2 c5 8. h3
Be7 9. O-O O-O 10. Nbd2 c4 11. Qd1 Ne4 12. Nxe4 Bxe4 13. Nh2 b5 14. f3 Bf5 15.
Ng4 Bh4 16. Nf2 Qd8 17. g4 Bg6 18. Kg2 f5 19. Qd2 h5 $6 $11 (19... a5 $5 $15 {
gagnant de l'espace sur l'aile Q}) 20. Bg3 Bxg3 21. Kxg3 fxg4 22. hxg4 Rf6 $6
$14 (22... Nf6 $5 $11) 23. g5 Rf5 24. f4 Qc7 25. Kg2 Kf7 26. Rh1 e5 $2 $18 {
donne un P pour embrouiller l'adversaire dans une position compromise} (26...
Qc6 $5 {ne donne rien de plus, mais la position reste inférieure} 27. Bxh5 Bxh5
28. Rxh5 Qa6 29. Qe2 Rb8 30. Rh4 b4 31. cxb4 $16) 27. dxe5 $1 Nxe5 $4 {
espérant de l'attaque sur g5, mais les Blancs attaquent en premier.} (27... Nb6
28. Rad1 Qe7 29. Bf3 Rd8 30. Rh3 Rd7 31. Rdh1 Qe6 32. Bxh5 $18 {
est aussi sans trop d'espoir ...}) 28. Qxd5+ $1 1-0